000 01204 a2200265 4500
999 _c13030
_d13030
003 OSt
005 20250206173728.0
008 250129b ||||| |||| 00| 0 eng d
020 _a9789384204280
_qVolume-1 &2
020 _a9789384204273
_qVolume-3 &4
020 _a9789384204297
_qVolume-5
040 _aBMSCA
_cBMSCA
041 _aeng.
082 _a720.954
100 _aCurtis, William J.R
245 _aRaj Rewal Works 1980-2018
260 _aNew Delhi
_bCouncil of Architecture (COA)
_c2024
300 _a5v.
500 _aContents: v.1. Asian Games Village National Institute of Immunology -New Delhi, India 1980-1982, 1983-2000/by William J.R. Curtis -- v.2. Lisbon Ismaili Centre- Portugal – 1995-2000-- v.3. Metro Bhawan, D.M.R.C., New Delhi – 2007 -2009; Coal India Ltd. Head Quarters-Kolkata- 2010- 2015/by Suparna Rajguru--- v.4. State University of Visual and Performing Arts, Rohtak, India 2008-2012 / by Aurelien Lenionier; Suparna Rajguru--- v.5. Freedom struggle memorial and museum 2014-2018/ by Sandrine Gill; Kaiwan Mehta
700 _aCurtis, William J.R
700 _aOzkan, Suha
700 _aKhan, Hasan-Uddin
700 _aRajguru, Suparna
942 _2ddc
_cUG